Match the Celeb to their Alter-Ego - Statistics

General Stats
  • This quiz has been taken 36 times
  • The average score is 126 of 144
Answer Stats
Question Tile Select % Correct
Will Smith Bobby Tarantino No
100%
Eminem Bobby Tarantino No
100%
Miley Cyrus Bobby Tarantino No
100%
Will Smith Hannah Montana No
100%
Eminem Hannah Montana No
100%
Will Smith Jo Calderone No
100%
Eminem Jo Calderone No
100%
Miley Cyrus Jo Calderone No
100%
Will Smith Kathy Beth Terry No
100%
Eminem Kathy Beth Terry No
100%
Miley Cyrus Kathy Beth Terry No
100%
Will Smith Marky Mark No
100%
Miley Cyrus Marky Mark No
100%
Will Smith Mimi No
100%
Eminem Mimi No
100%
Miley Cyrus Mimi No
100%
Eminem Ricky Regal No
100%
Miley Cyrus Ricky Regal No
100%
Will Smith Roman Zolanski No
100%
Eminem Roman Zolanski No
100%
Miley Cyrus Roman Zolanski No
100%
Will Smith Sasha Fierce No
100%
Eminem Sasha Fierce No
100%
Miley Cyrus Sasha Fierce No
100%
Will Smith Slim Shady No
100%
Miley Cyrus Slim Shady No
100%
Eminem The Fresh Prince No
100%
Miley Cyrus The Fresh Prince No
100%
Will Smith Ziggy Stardust No
100%
Eminem Ziggy Stardust No
100%
Miley Cyrus Ziggy Stardust No
100%
Mariah Carey Bobby Tarantino No
97%
Mariah Carey Hannah Montana No
97%
Miley Cyrus Hannah Montana Yes
97%
David Bowie Hannah Montana No
97%
David Bowie Jo Calderone No
97%
Mariah Carey Kathy Beth Terry No
97%
David Bowie Kathy Beth Terry No
97%
Eminem Marky Mark No
97%
Mariah Carey Marky Mark No
97%
David Bowie Marky Mark No
97%
David Bowie Mimi No
97%
David Bowie Ricky Regal No
97%
David Bowie Sasha Fierce No
97%
Mariah Carey Slim Shady No
97%
David Bowie Slim Shady No
97%
Mariah Carey The Fresh Prince No
97%
David Bowie The Fresh Prince No
97%
Mark Wahlberg Bobby Tarantino No
94%
Mark Wahlberg Hannah Montana No
94%
Mark Wahlberg Jo Calderone No
94%
Mark Wahlberg Kathy Beth Terry No
94%
Mark Wahlberg Mimi No
94%
Mark Wahlberg Ricky Regal No
94%
Will Smith Ricky Regal No
94%
Mariah Carey Ricky Regal No
94%
Mariah Carey Roman Zolanski No
94%
Mark Wahlberg Sasha Fierce No
94%
Mark Wahlberg Slim Shady No
94%
Mark Wahlberg The Fresh Prince No
94%
Mark Wahlberg Ziggy Stardust No
94%
Mariah Carey Ziggy Stardust No
94%
Beyonce Bobby Tarantino No
90%
Katy Perry Bobby Tarantino No
90%
Katy Perry Hannah Montana No
90%
Bruno Mars Hannah Montana No
90%
Beyonce Jo Calderone No
90%
Katy Perry Jo Calderone No
90%
Bruno Mars Kathy Beth Terry No
90%
Beyonce Marky Mark No
90%
Katy Perry Marky Mark No
90%
Bruno Mars Mimi No
90%
Beyonce Ricky Regal No
90%
Katy Perry Ricky Regal No
90%
Beyonce Roman Zolanski No
90%
Mark Wahlberg Roman Zolanski No
90%
David Bowie Roman Zolanski No
90%
Mariah Carey Sasha Fierce No
90%
Bruno Mars Sasha Fierce No
90%
Beyonce Slim Shady No
90%
Katy Perry Slim Shady No
90%
Eminem Slim Shady Yes
90%
Bruno Mars Slim Shady No
90%
Beyonce The Fresh Prince No
90%
Katy Perry The Fresh Prince No
90%
Will Smith The Fresh Prince Yes
90%
Beyonce Ziggy Stardust No
90%
Katy Perry Ziggy Stardust No
90%
Nicki Minaj Bobby Tarantino No
87%
David Bowie Bobby Tarantino No
87%
Beyonce Hannah Montana No
87%
Nicki Minaj Hannah Montana No
87%
Mariah Carey Jo Calderone No
87%
Nicki Minaj Marky Mark No
87%
Bruno Mars Marky Mark No
87%
Katy Perry Mimi No
87%
Katy Perry Roman Zolanski No
87%
Katy Perry Sasha Fierce No
87%
Nicki Minaj Sasha Fierce No
87%
Nicki Minaj The Fresh Prince No
87%
Bruno Mars The Fresh Prince No
87%
Bruno Mars Ziggy Stardust No
87%
Beyonce Kathy Beth Terry No
84%
Nicki Minaj Kathy Beth Terry No
84%
Beyonce Mimi No
84%
Nicki Minaj Slim Shady No
84%
Nicki Minaj Ziggy Stardust No
84%
Lady Gaga Hannah Montana No
81%
Nicki Minaj Jo Calderone No
81%
Mark Wahlberg Marky Mark Yes
81%
Nicki Minaj Ricky Regal No
81%
Lady Gaga Slim Shady No
81%
Lady Gaga The Fresh Prince No
81%
Lady Gaga Bobby Tarantino No
77%
Logic Hannah Montana No
77%
Lady Gaga Kathy Beth Terry No
77%
Logic Kathy Beth Terry No
77%
Lady Gaga Marky Mark No
77%
Logic Marky Mark No
77%
Logic Mimi No
77%
Lady Gaga Roman Zolanski No
77%
Bruno Mars Roman Zolanski No
77%
Logic Sasha Fierce No
77%
Logic Slim Shady No
77%
Logic The Fresh Prince No
77%
Logic Ziggy Stardust No
77%
Logic Jo Calderone No
74%
Katy Perry Kathy Beth Terry Yes
74%
Lady Gaga Mimi No
74%
Lady Gaga Sasha Fierce No
74%
Bruno Mars Bobby Tarantino No
71%
Lady Gaga Ricky Regal No
71%
Lady Gaga Ziggy Stardust No
71%
Bruno Mars Jo Calderone No
68%
Beyonce Sasha Fierce Yes
68%
Mariah Carey Mimi Yes
65%
Logic Roman Zolanski No
65%
David Bowie Ziggy Stardust Yes
65%
Logic Ricky Regal No
55%
Nicki Minaj Mimi No
48%
Lady Gaga Jo Calderone Yes
32%
Logic Bobby Tarantino Yes
29%
Bruno Mars Ricky Regal Yes
19%
Nicki Minaj Roman Zolanski Yes
19%
No matching quizzes found
Score Distribution
Percent of People with Each Score
Percentile by Number Answered
Your Score History
You have not taken this quiz